| 000 | 00612nam a2200205Ia 4500 | ||
|---|---|---|---|
| 003 | OSt | ||
| 005 | 20220707031308.0 | ||
| 008 | 151021s9999 xx 000 0 und d | ||
| 020 | _a9780801035890 | ||
| 040 |
_aMMU _beng _cMMU _dMMU |
||
| 050 | _aBR 115.C8L58 2009 | ||
| 100 | _aLivermore David A | ||
| 245 |
_aCultural Intelligence Improving your CQ to Engage our Multicultural World/ _cDavid A. Livermore. |
||
| 260 |
_a[s.l] : _bBaker Academy, _c2009 |
||
| 300 | _a287 p. : | ||
| 500 | _aIncludes index | ||
| 500 | _aIncludes index | ||
| 650 | _aChristianity and culture | ||
| 942 |
_2lcc _cLOAN LOAN |
||
| 999 |
_c15050 _d15050 |
||